000 01899nam a2200373 c 4500
003 BLK
005 20220223101148.0
008 180413b bul|||||r ||||||| ||bul||
010 _aKNG00023726000
020 _a954-8177-20-Х
_bиздат.: М-8-М
040 _aBLK
041 _aBUL
_cBUL
080 _aПсихология на детската възраст. Интелектуално развитие на децата. Психически особености. Детски представи, описани в разкази
_b159.922.7
_x(494)(092)
_z159.922.7(494)(092)
080 _aЕтика. Учение за морала. Практическа философия. Вж и 37.034 ; 24
_b17
_x.02:159.9
_z17.02:159.9
080 _a
_b929 Пиаже, Жан
_x
_z929 Пиаже, Жан
100 1 _aМаринова, Емилия Василева
_eпърви автор
_9265674
139 _aМаринова, Емилия Василева
_bМ 31
245 1 0 _aЖан Пиаже - двата морала
_bВ света на Моралното съждение на детето
_cЕмилия Василева Маринова.
257 _aBGR
260 София
_bМ-8-М
_c1998
300 _a183 с.
_c21 см
380 _a1
490 1 _aPsychology moral
500 _aДеп. списък: 34 ; 200 тир Място на печат: Пловдив Име на печатница: Терамолис Геогр. руб.: Швейцария
600 1 4 _aПиаже, Жан
_9110586
650 4 _aДетска и педагогическа психология
_9244538
650 4 _aМорал - психологични проблеми
_9265675
650 4 _aПсихолози, швейцарски - творчество
_9265676
852 _aЦб 198041
856 4 _qpdf
_u
856 4 _qpdf
_u
942 _cKNG
_n0
_03
944 _aCR
_c15.01.2003
_kКети_Илиева
944 _aED
_c11.04.2006
_k
999 _c21448
_d21448